| Поле | Инд. | ПП | Название | Значение |
|---|---|---|---|---|
| Тип записи | a | |||
| Библиографический уровень | m | |||
| 001 | Контрольный номер | 830dd9e8fc6d4f099badbdeb3636e34a | ||
| 005 | Дата корректировки | 20160419155803.1 | ||
| 040 | a | Служба первич. каталог. | НБ ТвГУ | |
| 080 | a | Индекс УДК | 81'373(043.3) | |
| 084 | a | Индекс другой классификации/Индекс ББК | Ш105.36я031 | |
| 090 | a | Полочн. индекс | Ш105.3 | |
| x | Авторский знак | С 72 | ||
| 100 | 1_ | a | Автор | Спирина Татьяна Сергеевна |
| 245 | 10 | a | Заглавие | Фразеологические единицы, характеризующие власть, в английском, немецком и русском языках |
| b | Продолж. заглавия | автореф. дис. ... к.ф.н. : 10.02.20 - сравнительно-историческое, типологическое и сопоставительное языкознание | ||
| c | Ответственность | науч. рук.: д.ф.н., проф. Л. Р. Сакаева ; Фил. ФГАОУ ВО "Казан. (Приволж.) федер. ун-т" Набережночелн. ин-т, Соц.-гуманит. отд-ние, Каф. филологии | ||
| 260 | c | Дата издания | 2015 | |
| a | Место издания | Казань | ||
| 300 | a | Объем | 24 с. | |
| 500 | a | Примечание | На правах рукоп. | |
| 504 | a | Библиография | Библиогр. в конце книги (12 назв.) | |
| 653 | 0_ | a | Ключевые слова | Авторефераты |
| a | Ключевые слова | Диссертации | ||
| a | Ключевые слова | Кандидатские диссертации | ||
| a | Ключевые слова | Фразеология | ||
| a | Ключевые слова | Фразеологизмы | ||
| a | Ключевые слова | Фразеологические единицы | ||
| a | Ключевые слова | Английский язык | ||
| a | Ключевые слова | Немецкий язык | ||
| a | Ключевые слова | Русский язык | ||
| a | Ключевые слова | Лексикология | ||
| a | Ключевые слова | Лексика | ||
| a | Ключевые слова | Языкознание | ||
| 700 | 12 | a | Другие авторы | Сакаева Лилия Радиковна |
| c | Титул (звание) | д.ф.н., проф. | ||
| e | Роль лиц | науч. рук. | ||
| 700 | 12 | a | Другие авторы | Гизатова Гузель Казбековна |
| c | Титул (звание) | д.ф.н., проф. | ||
| e | Роль лиц | оппонент | ||
| 700 | 12 | a | Другие авторы | Гилязева Эмма Николаевна |
| c | Титул (звание) | к.ф.н., доц. | ||
| e | Роль лиц | оппонент | ||
| 710 | 12 | a | Организация/ юрисдикция | Набережночелнинский институт (филиал) Казанского (Приволжского) федерального университета, Соц.-гуманит. отд-ние, Каф. филологии |
| 710 | 12 | a | Организация/ юрисдикция | Башкирский государственный университет |
| 710 | 12 | a | Организация/ юрисдикция | Казанский (Приволжский) федеральный университет |
| 901 | t | Тип документа | m | |
| 920 | a | Оператор | Семен | |
| a | Оператор | Рунт | ||
| a | Оператор | Густ | ||
| a | Оператор | Стро | ||
| 930 | a | Новая/Ретро | новая | |
| 952 | c | Вид литературы | А/Р н | |
| 954 | b | Дата поступления в ОК | 20151103 | |
| a | Дата поступления на обработку | 20151223 | ||
| c | Дата окончания ОНО | 20160419 |